MARC

LEADER 00000nam0a2200000 4500
001 36811
005 20231101210407.0
035 |a (RuTPU)RU\TPU\book\37295 
035 |a BOOK00003947 
090 |a 36811 
100 |a 20011210d1985 km y0rusy50 ca 
101 0 |a rus 
102 |a BY 
105 |a y z 001zy 
200 1 |a Автономные и линейные многомерные дифференциальные уравнения  |f В. В. Амелькин 
210 |a Минск  |c Университетское  |d 1985 
215 |a 142 с. 
320 |a Предм. указ.: с. 139-141. 
606 |a Дифференциальные уравнения  |2 stltpush  |3 (RuTPU)RU\TPU\subj\9693  |9 36875 
610 1 |a теория 
610 1 |a многомерные дифференциальные уравнения 
610 1 |a нормальные формы 
675 |a 517.9  |v 3 
700 1 |a Амелькин  |b В. В.  |g Владимир Васильевич 
801 0 |a RU  |b 63413507  |c 20011210  |g PSBO 
801 2 |a RU  |b 63413507  |c 20170914  |g PSBO 
942 |c BK